000
00226nam a22000857a 4500
008
160916b xxu||||| |||| 00| 0 eng d
100
_9
583
_a
Ahmed.S.etal.
245
_a
Mega Computers-VI
260
_a
New Delhi
_b
P.P. Publications
_c
2007
999
_c
3239
_d
3239